000 00250nam a22001217a 4500
003 SGT
082 _a658,PAR
100 _aPARKINSON NORTHCOTE
245 _aTOWARDS MANAGEMENT IN 2001
260 _bISBH PUB.
_c1993
300 _a210
942 _2ddc
_cBK
999 _c34337
_d34337